| 000 -LEADER |
| fixed length control field |
00800nam a2200253Ia 4500 |
| 001 - CONTROL NUMBER |
| control field |
853 |
| 003 - CONTROL NUMBER IDENTIFIER |
| control field |
GE_BSU |
| 005 - DATE AND TIME OF LATEST TRANSACTION |
| control field |
20200226115028.0 |
| 008 - FIXED-LENGTH DATA ELEMENTS--GENERAL INFORMATION |
| fixed length control field |
181216s2004ru xx |||||||||||||| ||rus|| |
| 020 ## - INTERNATIONAL STANDARD BOOK NUMBER |
| International Standard Book Number |
5755200416 |
| 040 ## - CATALOGING SOURCE |
| Transcribing agency |
GE_BSU |
| 041 ## - LANGUAGE CODE |
| Language code of text/sound track or separate title |
rus |
| 080 ## - UNIVERSAL DECIMAL CLASSIFICATION NUMBER |
| Universal Decimal Classification number |
81' 25 В-49 |
| 100 ## - MAIN ENTRY--PERSONAL NAME |
| Personal name |
Виноградов,В.С. |
| 9 (RLIN) |
7474 |
| 245 ## - TITLE STATEMENT |
| Title |
Ведение в переводоведение : |
| Remainder of title |
Общие и лексичесие вопросы / |
| Statement of responsibility, etc. |
В.С. Виноградов |
| 264 ## - PRODUCTION, PUBLICATION, DISTRIBUTION, MANUFACTURE, AND COPYRIGHT NOTICE |
| Place of production, publication, distribution, manufacture |
Москва : |
| Name of producer, publisher, distributor, manufacturer |
ИОСО РАО, |
| Date of production, publication, distribution, manufacture, or copyright notice |
2001. |
| 300 ## - PHYSICAL DESCRIPTION |
| Extent |
224 стр.: |
| Dimensions |
20 см. |
| 653 ## - INDEX TERM--UNCONTROLLED |
| keyword |
Ведение в перевоведение |
| 653 ## - INDEX TERM--UNCONTROLLED |
| keyword |
Лексика |
| 653 ## - INDEX TERM--UNCONTROLLED |
| keyword |
თარგმნის თეორია |
| 653 ## - INDEX TERM--UNCONTROLLED |
| keyword |
ლექსიკა |
| 942 ## - ADDED ENTRY ELEMENTS (KOHA) |
| Koha item type |
წიგნი |
| Source of classification or shelving scheme |
|